Microeconomics (Record no. 7029)

MARC details
000 -LEADER
fixed length control field 00265nam a2200121Ia 4500
008 - FIXED-LENGTH DATA ELEMENTS--GENERAL INFORMATION
fixed length control field 191201s2019 xx 000 0 und d
100 ## - MAIN ENTRY--PERSONAL NAME
Personal name PERLOFF, Jeffrey M.
245 #0 - TITLE STATEMENT
Title Microeconomics
260 ## - PUBLICATION, DISTRIBUTION, ETC. (IMPRINT)
Name of publisher, distributor, etc Pearsons
300 ## - PHYSICAL DESCRIPTION
Extent 799
650 ## - SUBJECT ADDED ENTRY--TOPICAL TERM
Topical term or geographic name as entry element BBA
942 ## - ADDED ENTRY ELEMENTS (KOHA)
Source of classification or shelving scheme Dewey Decimal Classification
Koha item type Text Books
942 ## - ADDED ENTRY ELEMENTS (KOHA)
-- 5
Holdings
Withdrawn status Lost status Source of classification or shelving scheme Damaged status Not for loan Collection code Home library Current library Date acquired Source of acquisition Cost, normal purchase price Bill Number Total Checkouts Full call number Acc. no. / Barcode Date last seen Date last borrowed Actual Cost, discounted price Bill Date Koha item type
    Dewey Decimal Classification     BBA PIET C-LIBRARY PIET C-LIBRARY 21/07/2020 Kirti Prakashan 849.00 IN 3976 1 338.5 PEM 31195 30/11/2022 23/11/2022 577.32 24/05/2019 Text Books
    Dewey Decimal Classification     BBA PIET C-LIBRARY PIET C-LIBRARY 21/07/2020 Kirti Prakashan 849.00 IN 3976 2 338.5 PEM 31196 12/12/2022 23/11/2022 577.32 24/05/2019 Text Books
    Dewey Decimal Classification     BBA PIET C-LIBRARY PIET C-LIBRARY 21/07/2020 Kirti Prakashan 849.00 IN 3976 2 338.5 PEM 31197 07/12/2022 23/11/2022 577.32 24/05/2019 Text Books
    Dewey Decimal Classification     BBA PIET C-LIBRARY PIET C-LIBRARY 21/07/2020 Kirti Prakashan 849.00 IN 3976   338.5 PEM 31198 04/12/2019   577.32 24/05/2019 Text Books

Design & Developed by: PIET Central Library
R70 Miles Stone Pattikalyana Samalkha Panipat 132102
mail ID :- [email protected], Phone No:- 0180-2569700 Ex.216